zpět

Detail výsledku týmu

MaxWilliam, Znojmo

Datum a čas kvízu

16.5 Celkem bodů Celkový počet nahraných bodů na tomto kvízu bez doplňovacích otázek.
8. Pořadí na kvízu Konečné umístění týmu na tomto kvízu.

Zaznamenané odpovědi

# Otázka Odpověď Body Výsledky
1. Více než 450 strážníků z 38 mě... 1
2. Generace revolucionářů, která... 0
3. Pořadatelé karlovarského filmo... 0
4. Česko a Slovensko dostaly od E... 0
5. Všechny tyto události se staly... 0
6. Ve kterém městě (má asi 50 000... 0
7. Velký úspěch minulý rok zaznam... 0
8. Olga Sommerová je od roku 2014... 1
9. Režisérka Helena Třeštíková na... 0
10. Seřaďte tyto dokumenty podle j... 0